000 00438nam a2200181Ia 4500
001 14679
005 20260306164932.0
008 260306t2010||||xx |||||||||||||| ||spa||
041 _aESP
082 _a515.63
_bL25 2010 P. 2
100 _aLarson, Ron
_eAUT
245 0 _aCálculo 2:
_bde varias variables
260 _c2010
300 _axvi, 1142 páginas :
_c27 cm.
650 _aGEN
654 _aCMA
942 _cLIB
_dJUS
_fJUS
_2ddc
_n
999 _c14679
_d14679